000 00877nab a2200253 u 4500
001 15182
003 HDC
007 cr bn ---aaaaa
008 210217c20150217my dr|nes 0 a may d
040 _aHDC
100 _aMohd Sabran Md Sani
_eauthor
_98029
245 0 _aFormulasi tablet buah-buahan, herba / oleh
_cMohd Sabran Md Sani
260 _aKuala Lumpur :
_bThe New Straits Times Press (M) Bhd.,
_c2015
336 _atext
_2rdacontent
337 _acomputer
_2rdamedia
338 _aonline resource
_2rdacarrier
650 _aHealth products
_zMalaysia
_915473
650 _asupplement products
_915472
710 _aHarian Metro
856 _zRequest full-text at [email protected]
942 _2lcc
942 _cNEWS
942 _kNWSC 005707
999 _c12498
_d12498